El desarrollo de la nueva sociedad en América Latina

Guardat en:
Dades bibliogràfiques
Autors principals: Silva Solar, Julio (Autor), Chonchol, Jacques (Autor)
Format: Llibre
Idioma:espanyol
Publicat: Santiago LOM 2009
Edició:1a. ed
Col·lecció:Colección Ciencias Humanas
Matèries:
Etiquetes: Afegir etiqueta
Sense etiquetes, Sigues el primer a etiquetar aquest registre!

MARC

LEADER 00000nam a2200000 a 4500
001 UCG0974
003 CL-VaPUC
008 100415e20090000CL |||||||||||||||||spa|d
020 |a 9789560000378 
082 0 4 |a 332  |b SIL  |2 21 
100 0 |a Silva Solar, Julio  |e author  |9 548689 
700 0 |a Chonchol, Jacques  |e author  |9 548690 
245 1 3 |a El desarrollo de la nueva sociedad en América Latina 
250 |a 1a. ed 
300 |a 175 p 
942 |c BK 
945 |d 20100415 00:00:00  |a cmena 
260 |a Santiago  |b LOM  |c 2009 
650 0 |a Desarrollo económico y social   |9 256320 
650 0 |a Política económica   |9 255029 
650 0 |a Política social  |9 257588 
650 0 |a Países en desarrollo  |9 259663 
651 0 |a América Latina   |9 255027 
583 |a last modification  |c 20131230 07:06:49  |k Rodrigo Vera 
490 0 |a Colección Ciencias Humanas 
999 |c 340455  |d 340453 
952 |0 0  |1 0  |4 0  |6 332_000000000000000_SIL_2009  |7 0  |8 C  |9 435225  |a BIBCUR  |b BIBCUR  |d 2019-11-22  |i 4661966  |o 332 SIL 2009  |p 4661966  |r 2025-04-22  |w 2019-11-22  |y BK  |k CAC